000 00635 a2200253 4500
005 20260313121242.0
008 260312b |||||||| |||| 00| 0 eng d
020 _a9789370605473
_cRs. 1099.00
040 _aMAIN
082 _a658.83
_bK96M(13)
100 _aKumar, V
245 _aMarketing research
250 _a13th
260 _bWiley
_c2025
_aNew Delhi
300 _axxvii, 740
650 _aMarketing
650 _aManagement
650 _aBusniess Intelligence
700 _aLeone, Robert P
700 _aAaker, David A
700 _aDay, George S
700 _aKaurav, Rahul Pratap Singh
942 _cBK
999 _c396951
_d396951